Výber zahraničných trhov

Výber zahraničných trhov v podnikovej praxi na základe racionálnych kritérií a objektívnych informácií o potenciáli zahraničného trhu, jeho prístupnosti (poznanie prekážok), citlivosti, stability - rizík, analýza konkurencie. Analýza vlastnej sily.

Enregistré dans:
Détails bibliographiques
Auteur principal: Ferenčíková, Soňa, 1960-
Format: Chapitre de livre
Langue:slovaque
Sujets:
Tags: Ajouter un tag
Pas de tags, Soyez le premier à ajouter un tag!

MARC

LEADER 00000naa a2200000 4500
001 r016825
005 20221213101218.1
041 0 |a slo 
044 |a SK 
245 1 0 |a Výber zahraničných trhov  |c Soňa Ferenčíková 
520 |a Výber zahraničných trhov v podnikovej praxi na základe racionálnych kritérií a objektívnych informácií o potenciáli zahraničného trhu, jeho prístupnosti (poznanie prekážok), citlivosti, stability - rizík, analýza konkurencie. Analýza vlastnej sily. 
610 2 0 |a trh zahraničný 
610 2 0 |a podnik 
610 2 0 |a vývoz 
610 2 0 |a analýza trhu 
100 1 |a Ferenčíková, Soňa, 1960-